| 000 | 00837nam a2200217Ii 4500 | ||
|---|---|---|---|
| 003 | JO-AjNU | ||
| 008 | 230606s9999||||xx |||||||||||||| ||und|| | ||
| 020 | _a978-1-56051-625-5 | ||
| 040 |
_aJO-AjNU _beng _erda _cJO-AjNU |
||
| 041 | _aeng | ||
| 050 | 1 | 4 | _aTE200.A615.2015 |
| 100 | 3 |
_a American Association of State Highway and Transportation Officials, _eauthor _95021 |
|
| 245 | 0 | 0 | _aStandard Specifications for Transportation Materials and Methods of Sampling and Testing, Part 3 Provisional Standards |
| 250 | _a35th ed | ||
| 264 | 3 | 1 | _aWashington: American Association of State Highway and Transportation Officials,2015 |
| 300 | _amuilt pages | ||
| 336 |
_atext _btxt _2rdacontent |
||
| 337 |
_aunmediated _bn _2rdamedia |
||
| 338 |
_avolume _bnc _2rdacarrier |
||
| 650 | 4 |
_a Road materials -- Standards -- United States. _95022 |
|
| 999 |
_aE2596 _c2594 _d2594 |
||